000 00381nam a2200145Ia 4500
008 221201s9999 xx 000 0 und d
020 _a9783869227139
041 _aeng
082 _a720.9
100 _aPuglisi L P.
_9105971
245 _aHistory Of Architecture: From The Avant-Grade Towards The Present.
260 _bDom Publisher.
_c2021
300 _a528
906 _b1541.54
999 _c83496
_d83496